000 00730cam a2200229 4500
001 J1233
008 090401t1992 xxu||||| |||| 00| 0 eng d
035 _a(Sirsi) u42421
041 _aeng
110 _aEurope
_bEuropean Communities Council
_92364
245 _aCouncil Regulation (EEC) No. 2293/92 of 31 July 1992 laying down detailed rules for the application of Council Regulation (EEC) No. 1765/92 with regard to the set-aside scheme referred to in Article 7.
260 _c1992
300 _a(3)p. ; 30cm.
350 _a0
490 _aRegulation (EEC)
_v2293/92
650 _aEC REGULATIONS
650 _aFARM LAND
650 _aSET-ASIDE
690 _aEUROPE-SINGLE MARKET
942 _n0
948 _c04/03/1997
999 _c91107
_d91107